[Event "Open A"]
[Site "Polanica-Zdroj"]
[Date "2017.08.22"]
[Round "4.7"]
[White "Kyc, Jerzy"]
[Black "Hiszczynski, Jakub"]
[Result "0-1"]
[BlackElo "2005"]
[WhiteElo "2251"]
[LiveChessVersion "1.4.8"]

1. e4 {[%clk 1:30:57]} e5 {[%clk 1:30:53]} 2. Nf3 {[%clk 1:31:24]} Nc6
{[%clk 1:31:20]} 3. Bb5 {[%clk 1:31:51]} a6 {[%clk 1:31:45]} 4. Ba4
{[%clk 1:32:19]} Nf6 {[%clk 1:32:06]} 5. d3 {[%clk 1:32:47]} b5 {[%clk 1:32:11]}
6. Bb3 {[%clk 1:33:16]} Bc5 {[%clk 1:32:35]} 7. O-O {[%clk 1:33:26]} d6
{[%clk 1:32:44]} 8. c3 {[%clk 1:33:47]} O-O {[%clk 1:31:49]} 9. Re1
{[%clk 1:33:56]} Bb6 {[%clk 1:31:06]} 10. Nbd2 {[%clk 1:30:17]} Ne7
{[%clk 1:29:34]} 11. Nf1 {[%clk 1:30:12]} Ng6 {[%clk 1:29:54]} 12. Ng3
{[%clk 1:29:54]} h6 {[%clk 1:28:07]} 13. h3 {[%clk 1:21:20]} c5 {[%clk 1:23:33]}
14. d4 {[%clk 1:16:55]} Qc7 {[%clk 1:19:32]} 15. Nf5 {[%clk 1:02:07]} c4
{[%clk 1:13:49]} 16. Bc2 {[%clk 1:02:32]} Be6 {[%clk 1:12:19]} 17. g4
{[%clk 1:00:50]} d5 {[%clk 0:50:26]} 18. exd5 {[%clk 1:00:55]} Bxf5
{[%clk 0:50:03]} 19. gxf5 {[%clk 0:53:55]} exd4 {[%clk 0:49:37]} 20. d6
{[%clk 0:51:57]} Qxd6 {[%clk 0:47:58]} 21. fxg6 {[%clk 0:52:18]} d3
{[%clk 0:47:26]} 22. gxf7+ {[%clk 0:41:19]} Rxf7 {[%clk 0:48:20]} 23. Ne5
{[%clk 0:40:05]} Bxf2+ {[%clk 0:39:31]} 24. Kf1 {[%clk 0:39:22]} Bxe1
{[%clk 0:39:11]} 25. Nxf7 {[%clk 0:39:46]} Kxf7 {[%clk 0:28:19]} 26. Qf3
{[%clk 0:39:48]} Qh2 {[%clk 0:22:20]} 27. Bxd3 {[%clk 0:35:25]} cxd3
{[%clk 0:21:11]} 28. Bf4 {[%clk 0:35:41]} Qe2+ {[%clk 0:13:28]} 29. Qxe2
{[%clk 0:36:06]} dxe2+ {[%clk 0:13:53]} 30. Kxe1 {[%clk 0:36:31]} Re8
{[%clk 0:13:50]} 31. Kf2 {[%clk 0:18:37]} Ne4+ {[%clk 0:11:22]} 32. Kxe2
{[%clk 0:18:59]} Nxc3+ {[%clk 0:11:48]} 33. Kf3 {[%clk 0:18:09]} Nd5
{[%clk 0:10:11]} 34. Rc1 {[%clk 0:14:03]} Nxf4 {[%clk 0:08:21]} 35. Kxf4
{[%clk 0:14:31]} Kf6 {[%clk 0:05:03]} 36. Rc7 {[%clk 0:14:33]} Re6
{[%clk 0:04:35]} 37. h4 {[%clk 0:13:35]} g5+ {[%clk 0:03:00]} 38. hxg5+
{[%clk 0:14:02]} hxg5+ {[%clk 0:03:24]} 39. Kg4 {[%clk 0:44:29]} Re4+
{[%clk 0:32:57]} 40. Kg3 {[%clk 0:44:22]} Re2 {[%clk 0:29:43]} 41. Rc6+
{[%clk 0:44:43]} Ke5 {[%clk 0:29:36]} 42. Rxa6 {[%clk 0:45:06]} Rxb2
{[%clk 0:29:55]} 43. Rg6 {[%clk 0:44:55]} Kd4 {[%clk 0:28:56]} 44. Rxg5
{[%clk 0:44:40]} Kc4 {[%clk 0:28:47]} 45. Rg4+ {[%clk 0:43:50]} Kc3
{[%clk 0:28:10]} 46. Rg5 {[%clk 0:30:11]} Kb4 {[%clk 0:26:32]} 47. Kf3
{[%clk 0:27:39]} Rxa2 {[%clk 0:23:05]} 48. Ke3 {[%clk 0:28:03]} Kc4
{[%clk 0:23:25]} 49. Rg8 {[%clk 0:28:15]} Rc2 {[%clk 0:16:05]} 50. Rc8+
{[%clk 0:28:20]} Kb3 {[%clk 0:16:30]} 51. Rb8 {[%clk 0:28:47]} b4
{[%clk 0:16:39]} 52. Kd3 {[%clk 0:29:16]} Rc7 {[%clk 0:16:51]} 53. Kd2
{[%clk 0:29:21]} Ka3 {[%clk 0:16:57]} 54. Ra8+ {[%clk 0:27:06]} Kb2
{[%clk 0:17:21]} 55. Kd3 {[%clk 0:27:23]} b3 {[%clk 0:17:43]} 56. Rb8
{[%clk 0:26:36]} Ka2 {[%clk 0:18:06]} 57. Ra8+ {[%clk 0:27:03]} Kb1
{[%clk 0:18:31]} 58. Kd2 {[%clk 0:27:16]} b2 {[%clk 0:18:52]} 59. Rd8
{[%clk 0:27:36]} Ra7 {[%clk 0:15:10]} 60. Ra8 {[%clk 0:26:21]} Rxa8
{[%clk 0:15:27]} 0-1

[Event "Open A"]
[Site "Polanica-Zdroj"]
[Date "2017.08.22"]
[Round "4.8"]
[White "Kukula, Pawel"]
[Black "Mazalon, Mariusz"]
[Result "0-1"]
[BlackElo "2000"]
[WhiteElo "2224"]
[LiveChessVersion "1.4.8"]

1. d4 {[%clk 1:30:57]} Nf6 {[%clk 1:25:59]} 2. Bf4 {[%clk 1:31:16]} g6
{[%clk 1:25:45]} 3. Nc3 {[%clk 1:31:41]} d5 {[%clk 1:23:34]} 4. e3
{[%clk 1:31:41]} Bg7 {[%clk 1:23:53]} 5. h4 {[%clk 1:30:00]} c6 {[%clk 1:15:06]}
6. h5 {[%clk 1:17:32]} Nxh5 {[%clk 1:10:30]} 7. Rxh5 {[%clk 1:17:55]} gxh5
{[%clk 1:10:53]} 8. Qxh5 {[%clk 1:18:18]} Nd7 {[%clk 0:56:55]} 9. Bd3
{[%clk 1:15:12]} Nf6 {[%clk 0:51:27]} 10. Qh4 {[%clk 1:10:56]} Be6
{[%clk 0:49:21]} 11. Nf3 {[%clk 1:02:50]} h6 {[%clk 0:49:03]} 12. Nd2
{[%clk 0:48:15]} Qc8 {[%clk 0:35:40]} 13. f3 {[%clk 0:43:32]} Bf5
{[%clk 0:29:19]} 14. e4 {[%clk 0:42:10]} dxe4 {[%clk 0:28:10]} 15. fxe4
{[%clk 0:42:35]} Bg6 {[%clk 0:28:14]} 16. O-O-O {[%clk 0:42:22]} Qg4
{[%clk 0:26:41]} 17. Qf2 {[%clk 0:41:05]} Rd8 {[%clk 0:22:12]} 18. Nc4
{[%clk 0:36:48]} Nh5 {[%clk 0:18:20]} 19. Be3 {[%clk 0:33:58]} Qg3
{[%clk 0:18:01]} 20. Qg1 {[%clk 0:34:15]} Nf4 {[%clk 0:17:02]} 21. Bf1
{[%clk 0:34:10]} b5 {[%clk 0:15:15]} 22. Nd2 {[%clk 0:31:06]} e5 {[%clk 0:13:32]}
23. Bf2 {[%clk 0:17:56]} Qg5 {[%clk 0:13:22]} 24. dxe5 {[%clk 0:17:52]} O-O
{[%clk 0:12:45]} 25. g3 {[%clk 0:18:04]} Ne6 {[%clk 0:12:59]} 26. Bd3
{[%clk 0:17:37]} Qxe5 {[%clk 0:09:14]} 27. Nf3 {[%clk 0:17:42]} Qf6
{[%clk 0:08:43]} 28. Nh4 {[%clk 0:17:59]} Ng5 {[%clk 0:07:41]} 29. Bc5
{[%clk 0:16:19]} Rfe8 {[%clk 0:07:59]} 30. Rf1 {[%clk 0:15:47]} Qe5
{[%clk 0:06:59]} 31. Nf5 {[%clk 0:14:30]} Bxf5 {[%clk 0:07:23]} 32. Rxf5
{[%clk 0:14:52]} Qe6 {[%clk 0:07:37]} 33. Qf2 {[%clk 0:04:09]} a5
{[%clk 0:07:42]} 34. a3 {[%clk 0:04:11]} Rd7 {[%clk 0:06:48]} 35. e5
{[%clk 0:04:14]} Bxe5 {[%clk 0:06:24]} 36. Rxg5+ {[%clk 0:03:56]} hxg5
{[%clk 0:06:25]} 37. Bf5 {[%clk 0:04:18]} Bf4+ {[%clk 0:05:41]} 38. Kb1
{[%clk 0:04:15]} Qxf5 {[%clk 0:05:45]} 39. gxf4 {[%clk 0:04:39]} Qxf4
{[%clk 0:05:50]} 0-1

[Event "Open A"]
[Site "Polanica-Zdroj"]
[Date "2017.08.22"]
[Round "4.9"]
[White "Bilczewski, Kacper"]
[Black "Siekierski, Pawel"]
[Result "1-0"]
[BlackElo "1990"]
[WhiteElo "2191"]
[LiveChessVersion "1.4.8"]

1. e4 c5 2. c3 d6 3. d4 Nf6 4. Bd3 g6 5. Nf3 Bg7 6. O-O O-O 7. h3 d5 8. e5 Ne4 9.
Qe2 cxd4 10. cxd4 Bf5 11. Nh4 Nc6 12. Be3 Qb6 13. g4 Be6 14. Bxe4 Nxd4 15. Bxd4
Qxd4 16. Bg2 Bxe5 17. Nf3 1-0

[Event "Open A"]
[Site "Polanica-Zdroj"]
[Date "2017.08.22"]
[Round "4.10"]
[White "Malinowski, Damian"]
[Black "Garbowski, Jakub"]
[Result "1/2-1/2"]
[BlackElo "2185"]
[WhiteElo "2003"]
[LiveChessVersion "1.4.8"]

1. c4 {[%clk 1:30:58]} Nf6 {[%clk 1:30:51]} 2. Nc3 {[%clk 1:31:22]} d5
{[%clk 1:31:17]} 3. cxd5 {[%clk 1:31:44]} Nxd5 {[%clk 1:31:42]} 4. g3
{[%clk 1:31:48]} g6 {[%clk 1:32:04]} 5. Bg2 {[%clk 1:32:11]} Nb6 {[%clk 1:32:25]}
6. d3 {[%clk 1:32:16]} Bg7 {[%clk 1:32:04]} 7. Be3 {[%clk 1:32:21]} Nc6
{[%clk 1:30:55]} 8. Rc1 {[%clk 1:29:12]} O-O {[%clk 1:21:13]} 9. Qd2
{[%clk 1:27:06]} Re8 {[%clk 1:12:46]} 10. Bh6 {[%clk 1:25:52]} Bh8
{[%clk 1:11:15]} 11. h4 {[%clk 1:24:57]} Nd7 {[%clk 1:05:01]} 12. h5
{[%clk 1:20:18]} Nf6 {[%clk 1:04:57]} 13. hxg6 {[%clk 1:20:05]} fxg6
{[%clk 1:04:20]} 14. Nf3 {[%clk 1:06:13]} e5 {[%clk 0:55:26]} 15. Ng5
{[%clk 0:52:48]} Nd4 {[%clk 0:49:20]} 16. Nce4 {[%clk 0:39:49]} Ne6
{[%clk 0:40:45]} 17. Nxf6+ {[%clk 0:35:50]} Bxf6 {[%clk 0:40:14]} 18. Ne4
{[%clk 0:23:33]} Bh8 {[%clk 0:36:22]} 19. Qc2 {[%clk 0:19:06]} Qe7
{[%clk 0:30:02]} 20. Qc4 {[%clk 0:17:15]} Bd7 {[%clk 0:25:27]} 21. Ng5
{[%clk 0:14:10]} c6 {[%clk 0:20:33]} 22. Bh3 {[%clk 0:13:06]} Rac8
{[%clk 0:15:10]} 23. Bg4 {[%clk 0:10:18]} b5 {[%clk 0:14:11]} 24. Qb3
{[%clk 0:09:59]} a5 {[%clk 0:14:23]} 25. a3 {[%clk 0:09:45]} a4 {[%clk 0:13:16]}
26. Qa2 {[%clk 0:10:05]} b4 {[%clk 0:12:47]} 27. Bxe6+ {[%clk 0:08:51]} Bxe6
{[%clk 0:13:10]} 28. Qxe6+ {[%clk 0:09:00]} Qxe6 {[%clk 0:13:35]} 29. Nxe6
{[%clk 0:09:29]} Rxe6 {[%clk 0:14:04]} 30. axb4 {[%clk 0:09:35]} e4
{[%clk 0:14:16]} 31. dxe4 {[%clk 0:07:50]} Bxb2 {[%clk 0:13:07]} 32. Rc2
{[%clk 0:07:59]} a3 {[%clk 0:12:40]} 33. Bc1 {[%clk 0:08:06]} Bxc1
{[%clk 0:12:20]} 34. Rxc1 {[%clk 0:08:35]} Rxe4 {[%clk 0:12:00]} 35. Rh4
{[%clk 0:08:46]} Rce8 {[%clk 0:11:30]} 36. Rxe4 {[%clk 0:08:57]} Rxe4
{[%clk 0:11:59]} 37. Rxc6 {[%clk 0:08:41]} Rxb4 {[%clk 0:12:08]} 38. Ra6
{[%clk 0:08:39]} Rb1+ {[%clk 0:11:37]} 39. Kd2 {[%clk 0:09:08]} Rb2+
{[%clk 0:11:53]} 40. Ke3 {[%clk 0:39:14]} a2 {[%clk 0:41:06]} 41. Ra7
{[%clk 0:38:28]} h5 {[%clk 0:40:34]} 42. Kf3 {[%clk 0:37:39]} Kf8
{[%clk 0:37:36]} 43. e4 {[%clk 0:37:34]} 1/2-1/2

[Event "Open A"]
[Site "Polanica-Zdroj"]
[Date "2017.08.22"]
[Round "4.11"]
[White "Musial, Tomasz"]
[Black "Psyk, Radoslaw"]
[Result "0-1"]
[BlackElo "2132"]
[WhiteElo "1979"]
[LiveChessVersion "1.4.8"]

1. e4 {[%clk 1:30:56]} Nf6 {[%clk 1:30:47]} 2. e5 {[%clk 1:30:47]} Nd5
{[%clk 1:31:15]} 3. d4 {[%clk 1:31:00]} d6 {[%clk 1:31:43]} 4. c4
{[%clk 1:31:18]} Nb6 {[%clk 1:32:12]} 5. exd6 {[%clk 1:31:13]} exd6
{[%clk 1:32:39]} 6. Nc3 {[%clk 1:30:46]} Be7 {[%clk 1:33:07]} 7. Bd3
{[%clk 1:29:06]} O-O {[%clk 1:33:27]} 8. Nge2 {[%clk 1:26:42]} Na6
{[%clk 1:33:46]} 9. b3 {[%clk 1:25:32]} c6 {[%clk 1:33:56]} 10. h3
{[%clk 1:22:54]} Nb4 {[%clk 1:33:39]} 11. Bb1 {[%clk 1:21:42]} d5
{[%clk 1:33:54]} 12. c5 {[%clk 1:21:39]} Nd7 {[%clk 1:34:22]} 13. a3
{[%clk 1:19:09]} Na6 {[%clk 1:34:37]} 14. O-O {[%clk 1:18:44]} Re8
{[%clk 1:34:30]} 15. Bf4 {[%clk 1:14:23]} Nc7 {[%clk 1:31:20]} 16. b4
{[%clk 1:11:11]} Ne6 {[%clk 1:29:38]} 17. Bh2 {[%clk 1:10:32]} Bf6
{[%clk 1:19:35]} 18. b5 {[%clk 1:04:47]} Qa5 {[%clk 1:09:51]} 19. bxc6
{[%clk 0:58:08]} bxc6 {[%clk 1:09:28]} 20. Qd3 {[%clk 0:53:03]} g6
{[%clk 1:07:34]} 21. Rd1 {[%clk 0:47:59]} Ba6 {[%clk 1:05:48]} 22. Qc2
{[%clk 0:47:02]} Bxe2 {[%clk 1:05:05]} 23. Nxe2 {[%clk 0:47:22]} Nxd4
{[%clk 1:05:17]} 0-1

[Event "Open A"]
[Site "Polanica-Zdroj"]
[Date "2017.08.22"]
[Round "4.12"]
[White "Fus, Jakub"]
[Black "Maruszczak, Joanna"]
[Result "1-0"]
[BlackElo "1929"]
[WhiteElo "2127"]
[LiveChessVersion "1.4.8"]

1. d4 {[%clk 1:30:56]} Nf6 {[%clk 1:30:54]} 2. c4 {[%clk 1:31:08]} g6
{[%clk 1:31:18]} 3. Nc3 {[%clk 1:31:20]} Bg7 {[%clk 1:31:42]} 4. e4
{[%clk 1:31:26]} d6 {[%clk 1:31:55]} 5. f3 {[%clk 1:31:35]} O-O {[%clk 1:31:55]}
6. Be3 {[%clk 1:31:48]} e5 {[%clk 1:32:08]} 7. d5 {[%clk 1:30:42]} Nh5
{[%clk 1:31:33]} 8. Qd2 {[%clk 1:30:52]} f5 {[%clk 1:31:56]} 9. exf5
{[%clk 1:30:37]} gxf5 {[%clk 1:31:49]} 10. O-O-O {[%clk 1:30:50]} a6
{[%clk 1:28:14]} 11. Kb1 {[%clk 1:28:56]} Nd7 {[%clk 1:04:45]} 12. Nh3
{[%clk 1:17:11]} f4 {[%clk 0:50:40]} 13. Bf2 {[%clk 0:57:54]} Nc5
{[%clk 0:40:30]} 14. Bxc5 {[%clk 0:56:40]} dxc5 {[%clk 0:40:55]} 15. Ne4
{[%clk 0:56:37]} Bf5 {[%clk 0:33:48]} 16. Bd3 {[%clk 0:44:48]} Bxe4
{[%clk 0:33:26]} 17. Bxe4 {[%clk 0:45:11]} Qd6 {[%clk 0:33:49]} 18. Qd3
{[%clk 0:40:28]} Nf6 {[%clk 0:31:54]} 19. Ng5 {[%clk 0:39:07]} h6
{[%clk 0:32:07]} 20. Ne6 {[%clk 0:38:31]} Rfb8 {[%clk 0:25:30]} 21. g3
{[%clk 0:27:54]} b5 {[%clk 0:21:15]} 22. Rhg1 {[%clk 0:26:34]} bxc4
{[%clk 0:19:18]} 23. Qc3 {[%clk 0:25:52]} Nxe4 {[%clk 0:17:25]} 24. fxe4
{[%clk 0:26:17]} f3 {[%clk 0:17:49]} 25. Rgf1 {[%clk 0:25:26]} Rb4
{[%clk 0:15:53]} 26. Qxf3 {[%clk 0:19:03]} Qe7 {[%clk 0:16:02]} 27. Ka1
{[%clk 0:19:26]} Rab8 {[%clk 0:13:29]} 28. Rd2 {[%clk 0:18:36]} c3
{[%clk 0:09:40]} 29. bxc3 {[%clk 0:17:54]} 1-0

[Event "Open A"]
[Site "Polanica-Zdroj"]
[Date "2017.08.23"]
[Round "5.1"]
[White "Cyborowski, Lukasz"]
[Black "Warakomski, Tomasz"]
[Result "1/2-1/2"]
[BlackElo "2536"]
[WhiteElo "2532"]
[LiveChessVersion "1.4.8"]

1. Nf3 {[%clk 1:30:57]} Nf6 {[%clk 1:30:28]} 2. c4 {[%clk 1:31:18]} e6
{[%clk 1:30:31]} 3. Nc3 {[%clk 1:31:28]} d5 {[%clk 1:30:32]} 4. d4
{[%clk 1:31:43]} Be7 {[%clk 1:30:52]} 5. Bf4 {[%clk 1:30:32]} O-O
{[%clk 1:30:45]} 6. e3 {[%clk 1:30:31]} Nbd7 {[%clk 1:29:47]} 7. c5
{[%clk 1:26:46]} c6 {[%clk 1:29:55]} 8. Bd3 {[%clk 1:26:08]} b6 {[%clk 1:27:24]}
9. b4 {[%clk 1:25:39]} a5 {[%clk 1:27:48]} 10. a3 {[%clk 1:26:01]} Ba6
{[%clk 1:25:33]} 11. Bxa6 {[%clk 1:19:20]} Rxa6 {[%clk 1:25:57]} 12. b5
{[%clk 1:19:47]} cxb5 {[%clk 1:25:59]} 13. c6 {[%clk 1:20:13]} Qc8
{[%clk 1:26:16]} 14. c7 {[%clk 1:20:38]} b4 {[%clk 1:25:39]} 15. Nb5
{[%clk 1:20:25]} a4 {[%clk 1:23:17]} 16. Rc1 {[%clk 1:18:36]} Ne4
{[%clk 1:18:47]} 17. Ng5 {[%clk 1:15:32]} Ndf6 {[%clk 1:15:11]} 18. Nxe4
{[%clk 1:15:00]} dxe4 {[%clk 1:14:17]} 19. Nd6 {[%clk 1:13:29]} Bxd6
{[%clk 1:14:35]} 20. Bxd6 {[%clk 1:13:54]} b3 {[%clk 1:11:48]} 21. Bxf8
{[%clk 1:13:49]} Kxf8 {[%clk 1:12:13]} 22. d5 {[%clk 1:13:38]} Nxd5
{[%clk 1:10:28]} 23. f3 {[%clk 1:13:29]} Ra7 {[%clk 1:06:53]} 24. fxe4
{[%clk 1:13:37]} Rxc7 {[%clk 1:07:12]} 25. Rxc7 {[%clk 1:13:51]} Nxc7
{[%clk 1:07:35]} 26. Qd6+ {[%clk 1:13:21]} Kg8 {[%clk 1:07:51]} 27. Qxb6
{[%clk 1:11:52]} Nd5 {[%clk 1:07:06]} 28. exd5 {[%clk 1:11:51]} Qc1+
{[%clk 1:07:31]} 29. Kf2 {[%clk 1:11:56]} Qc2+ {[%clk 1:07:55]} 30. Kg3
{[%clk 1:11:56]} Qg6+ {[%clk 1:08:14]} 1/2-1/2

[Event "Open A"]
[Site "Polanica-Zdroj"]
[Date "2017.08.23"]
[Round "5.2"]
[White "Zielinski, Wojciech"]
[Black "Shishkin, Vadim"]
[Result "0-1"]
[BlackElo "2454"]
[WhiteElo "2105"]
[LiveChessVersion "1.4.8"]

1. Nf3 {[%clk 1:30:58]} g6 {[%clk 1:30:50]} 2. e4 {[%clk 1:31:13]} Bg7
{[%clk 1:31:15]} 3. d4 {[%clk 1:31:35]} d6 {[%clk 1:31:40]} 4. Nc3
{[%clk 1:30:00]} a6 {[%clk 1:30:36]} 5. a4 {[%clk 1:30:10]} b6 {[%clk 1:27:02]}
6. Bc4 {[%clk 1:29:26]} e6 {[%clk 1:26:57]} 7. O-O {[%clk 1:28:48]} Ne7
{[%clk 1:25:54]} 8. Re1 {[%clk 1:26:35]} O-O {[%clk 1:23:45]} 9. Bg5
{[%clk 1:24:07]} h6 {[%clk 1:22:38]} 10. Bh4 {[%clk 1:22:15]} Bb7
{[%clk 1:16:24]} 11. Qe2 {[%clk 1:17:25]} Re8 {[%clk 1:02:27]} 12. Rad1
{[%clk 1:15:45]} Nd7 {[%clk 0:59:33]} 13. h3 {[%clk 1:13:03]} c6 {[%clk 0:38:51]}
14. Nh2 {[%clk 1:06:17]} b5 {[%clk 0:31:37]} 15. Bb3 {[%clk 1:02:06]} b4
{[%clk 0:32:04]} 16. Na2 {[%clk 1:00:53]} a5 {[%clk 0:32:25]} 17. f4
{[%clk 0:59:11]} Qb6 {[%clk 0:22:47]} 18. Bf2 {[%clk 0:56:24]} c5
{[%clk 0:22:31]} 19. Nf3 {[%clk 0:50:00]} Rac8 {[%clk 0:17:27]} 20. Bc4
{[%clk 0:47:29]} d5 {[%clk 0:13:49]} 21. Bb5 {[%clk 0:45:30]} Bc6
{[%clk 0:13:51]} 22. dxc5 {[%clk 0:43:20]} Nxc5 {[%clk 0:13:52]} 23. e5
{[%clk 0:42:10]} Bxb5 {[%clk 0:13:51]} 24. axb5 {[%clk 0:42:19]} Qb7
{[%clk 0:11:06]} 25. Nc1 {[%clk 0:40:52]} Ne4 {[%clk 0:11:01]} 26. Nb3
{[%clk 0:40:38]} Nxf2 {[%clk 0:10:37]} 27. Kxf2 {[%clk 0:40:36]} Rc4
{[%clk 0:09:48]} 28. Nbd4 {[%clk 0:39:22]} Nf5 {[%clk 0:07:22]} 29. b3
{[%clk 0:37:31]} Nxd4 {[%clk 0:06:08]} 30. Nxd4 {[%clk 0:37:52]} Rc3
{[%clk 0:06:20]} 31. Rd3 {[%clk 0:36:07]} Rec8 {[%clk 0:05:36]} 32. Red1
{[%clk 0:35:34]} Bf8 {[%clk 0:05:27]} 33. Rxc3 {[%clk 0:32:33]} Rxc3
{[%clk 0:05:42]} 34. Rd3 {[%clk 0:32:46]} Bc5 {[%clk 0:01:41]} 35. Rxc3
{[%clk 0:32:46]} Bxd4+ {[%clk 0:02:05]} 36. Re3 {[%clk 0:33:09]} Qb6
{[%clk 0:02:33]} 37. Kf3 {[%clk 0:32:25]} Bxe3 {[%clk 0:02:59]} 38. Qxe3
{[%clk 0:32:48]} Qxb5 {[%clk 0:03:26]} 39. Qa7 {[%clk 0:31:55]} Qf1+
{[%clk 0:03:25]} 40. Kg3 {[%clk 1:00:32]} Qe1+ {[%clk 0:32:45]} 41. Kh2
{[%clk 0:59:27]} Qd2 {[%clk 0:30:52]} 42. Qxa5 {[%clk 0:51:01]} Qxf4+
{[%clk 0:31:17]} 43. Kh1 {[%clk 0:51:14]} Kg7 {[%clk 0:27:49]} 44. Qa1
{[%clk 0:48:12]} Qe4 {[%clk 0:22:15]} 45. Kg1 {[%clk 0:33:25]} Qxc2
{[%clk 0:22:22]} 46. Qf1 {[%clk 0:33:50]} Qf5 {[%clk 0:20:50]} 47. Qe1
{[%clk 0:34:07]} Qe4 {[%clk 0:19:59]} 0-1

[Event "Open A"]
[Site "Polanica-Zdroj"]
[Date "2017.08.23"]
[Round "5.3"]
[White "Lapaj, Mateusz"]
[Black "Goluch, Piotr"]
[Result "1/2-1/2"]
[BlackElo "2360"]
[WhiteElo "2093"]
[LiveChessVersion "1.4.8"]

1. e4 {[%clk 1:30:57]} c6 {[%clk 1:30:55]} 2. d4 {[%clk 1:31:24]} d5
{[%clk 1:31:22]} 3. e5 {[%clk 1:31:50]} Bf5 {[%clk 1:31:46]} 4. Nf3
{[%clk 1:32:13]} e6 {[%clk 1:32:12]} 5. Be2 {[%clk 1:32:38]} Bb4+
{[%clk 1:32:37]} 6. c3 {[%clk 1:26:07]} Ba5 {[%clk 1:33:06]} 7. Bg5
{[%clk 1:18:35]} f6 {[%clk 1:30:13]} 8. exf6 {[%clk 0:55:37]} Nxf6
{[%clk 1:30:19]} 9. Qb3 {[%clk 0:51:12]} Nbd7 {[%clk 1:17:36]} 10. Nbd2
{[%clk 0:42:13]} Qb8 {[%clk 1:15:08]} 11. O-O {[%clk 0:34:28]} O-O
{[%clk 1:12:02]} 12. Rae1 {[%clk 0:32:15]} Bc7 {[%clk 1:11:54]} 13. Bh4
{[%clk 0:28:15]} Kh8 {[%clk 1:06:30]} 14. Bg3 {[%clk 0:27:59]} b6
{[%clk 1:06:37]} 15. Nh4 {[%clk 0:26:10]} Bf4 {[%clk 1:06:57]} 16. Nxf5
{[%clk 0:24:51]} exf5 {[%clk 1:07:23]} 17. Bd3 {[%clk 0:19:51]} Ne4
{[%clk 1:07:10]} 18. Bxe4 {[%clk 0:19:07]} fxe4 {[%clk 1:07:32]} 19. c4
{[%clk 0:19:11]} Bxg3 {[%clk 1:03:41]} 20. Qxg3 {[%clk 0:18:39]} dxc4
{[%clk 0:58:33]} 21. Qxb8 {[%clk 0:14:12]} Raxb8 {[%clk 0:58:58]} 22. Nxc4
{[%clk 0:14:34]} Nf6 {[%clk 0:59:11]} 23. Nd6 {[%clk 0:14:55]} Rbd8
{[%clk 0:58:47]} 24. Nxe4 {[%clk 0:15:23]} Rxd4 {[%clk 0:58:51]} 25. Nxf6
{[%clk 0:15:51]} gxf6 {[%clk 0:59:16]} 26. Re7 {[%clk 0:16:00]} Rd2
{[%clk 0:59:36]} 27. Rxa7 {[%clk 0:16:04]} Rxb2 {[%clk 1:00:01]} 28. Rd1
{[%clk 0:15:37]} Kg8 {[%clk 1:00:13]} 29. g3 {[%clk 0:10:18]} Rf7
{[%clk 1:00:26]} 30. Rd8+ {[%clk 0:10:02]} Kg7 {[%clk 1:00:50]} 31. Rdd7
{[%clk 0:08:01]} Rxd7 {[%clk 1:00:26]} 32. Rxd7+ {[%clk 0:08:29]} Kg6
{[%clk 1:00:49]} 33. Rc7 {[%clk 0:08:48]} c5 {[%clk 1:01:00]} 34. a4
{[%clk 0:09:05]} Kf5 {[%clk 0:56:06]} 35. a5 {[%clk 0:08:45]} Ke4
{[%clk 0:56:30]} 36. axb6 {[%clk 0:08:56]} Kf3 {[%clk 0:52:10]} 37. h4
{[%clk 0:09:11]} Rxf2 {[%clk 0:52:18]} 38. Rxc5 {[%clk 0:08:08]} Rb2
{[%clk 0:51:44]} 39. Rf5+ {[%clk 0:07:29]} Kxg3 {[%clk 0:52:08]} 40. Rxf6
{[%clk 0:37:50]} Rb1+ {[%clk 1:22:00]} 41. Rf1 {[%clk 0:38:19]} Rxb6
{[%clk 1:22:26]} 42. Ra1 {[%clk 0:38:42]} h5 {[%clk 1:22:49]} 43. Ra3+
{[%clk 0:38:58]} Kxh4 {[%clk 1:23:10]} 44. Ra4+ {[%clk 0:39:23]} Kg5
{[%clk 1:23:21]} 45. Ra5+ {[%clk 0:39:30]} Kg6 {[%clk 1:23:46]} 46. Kg2
{[%clk 0:39:55]} Rf6 {[%clk 1:23:44]} 47. Kg3 {[%clk 0:40:21]} Rf5
{[%clk 1:24:11]} 48. Rxf5 {[%clk 0:40:45]} Kxf5 {[%clk 1:24:39]} 49. Kh4
{[%clk 0:41:11]} Kf4 {[%clk 1:25:06]} 50. Kxh5 {[%clk 0:41:35]} Ke5 1/2-1/2

[Event "Open A"]
[Site "Polanica-Zdroj"]
[Date "2017.08.23"]
[Round "5.4"]
[White "Kucza, Karol"]
[Black "Dryja, Szymon"]
[Result "1/2-1/2"]
[BlackElo "1824"]
[WhiteElo "2320"]
[LiveChessVersion "1.4.8"]

1. e4 {[%clk 1:30:59]} e5 {[%clk 1:30:45]} 2. Nf3 {[%clk 1:31:21]} Nc6
{[%clk 1:31:11]} 3. Bb5 {[%clk 1:31:44]} a6 {[%clk 1:31:29]} 4. Ba4
{[%clk 1:32:05]} f5 {[%clk 1:31:30]} 5. d4 {[%clk 1:19:00]} exd4 {[%clk 1:30:52]}
6. exf5 {[%clk 1:14:24]} Bc5 {[%clk 1:28:13]} 7. O-O {[%clk 1:13:19]} b5
{[%clk 1:26:04]} 8. Bb3 {[%clk 1:10:48]} d5 {[%clk 1:25:34]} 9. Re1+
{[%clk 1:09:52]} Nge7 {[%clk 1:25:53]} 10. f6 {[%clk 1:00:45]} gxf6
{[%clk 1:25:52]} 11. Nh4 {[%clk 1:01:13]} Qd6 {[%clk 1:21:10]} 12. Qh5+
{[%clk 1:01:09]} Kd8 {[%clk 1:21:20]} 13. a4 {[%clk 0:36:42]} b4 {[%clk 1:18:36]}
14. g3 {[%clk 0:29:51]} Be6 {[%clk 1:17:06]} 15. Qh6 {[%clk 0:25:03]} Bg4
{[%clk 1:07:13]} 16. Bf4 {[%clk 0:19:30]} Ne5 {[%clk 1:07:13]} 17. Nd2
{[%clk 0:19:02]} Kc8 {[%clk 1:01:38]} 18. Qg7 {[%clk 0:10:08]} Rg8
{[%clk 1:00:22]} 19. Qxh7 {[%clk 0:10:31]} Kb7 {[%clk 1:00:10]} 20. Ne4
{[%clk 0:07:14]} dxe4 {[%clk 0:57:58]} 21. Bxg8 {[%clk 0:07:26]} Rxg8
{[%clk 0:56:33]} 22. Qxe4+ {[%clk 0:07:36]} N7c6 {[%clk 0:56:40]} 23. Bxe5
{[%clk 0:07:40]} fxe5 {[%clk 0:56:56]} 24. Nf3 {[%clk 0:07:38]} Bxf3
{[%clk 0:53:32]} 25. Qxf3 {[%clk 0:08:01]} Rf8 {[%clk 0:53:46]} 26. Qd3
{[%clk 0:07:29]} Qf6 {[%clk 0:51:53]} 27. Re2 {[%clk 0:07:01]} Nd8
{[%clk 0:51:06]} 28. Qe4+ {[%clk 0:06:58]} Nc6 {[%clk 0:51:11]} 29. Kg2
{[%clk 0:07:10]} Kb6 {[%clk 0:48:20]} 30. Rf1 {[%clk 0:04:56]} b3
{[%clk 0:46:03]} 31. cxb3 {[%clk 0:03:57]} Qf5 {[%clk 0:46:18]} 32. Qxf5
{[%clk 0:03:39]} Rxf5 {[%clk 0:46:41]} 33. Rd1 {[%clk 0:03:50]} Nb4
{[%clk 0:41:42]} 34. Re4 {[%clk 0:04:07]} Kc6 {[%clk 0:39:41]} 35. g4
{[%clk 0:04:25]} Kd5 {[%clk 0:38:15]} 36. Rde1 {[%clk 0:04:20]} Rxf2+
{[%clk 0:34:36]} 37. Kxf2 {[%clk 0:03:50]} Nd3+ {[%clk 0:34:44]} 38. Kf3
{[%clk 0:00:37]} Nxe1+ {[%clk 0:35:00]} 39. Rxe1 {[%clk 0:01:06]} d3
{[%clk 0:34:59]} 40. g5 {[%clk 0:31:10]} e4+ {[%clk 1:04:37]} 41. Kf4
{[%clk 0:27:57]} Bd6+ {[%clk 1:03:42]} 42. Ke3 {[%clk 0:19:44]} Bc5+
{[%clk 1:03:54]} 43. Kf4 {[%clk 0:20:04]} Bd6+ {[%clk 1:04:08]} 44. Kxe4+ 1/2-1/2